• 首页
  • 本馆介绍
  • 公告通知
  • 最新文献
  • 馆藏检索
  • 电子资源
  • 读者导购
  • 参考咨询
  • 我的图书馆
  • 登录
  • 详细信息显示
  • 放入我的书架
  • 预约/预借图书
  • 作者相关作品
  • 分类相关作品
  • 丛书相关作品
  • 出版社相关作品

书目信息

  • 表格格式
  • 工作单格式
  • 卡片格式
题名:
嘤鸣初放, 风雅弦歌
    
 
作者: 温斌 , 黄晓勤, 主编
分册:  
出版信息: 长春   吉林大学出版社  2018
页数: 271页
开本: 24cm
丛书名:
单 册:
中图分类: I207.227.2
科图分类:
主题词: 古典诗歌--gu dian shi ge--诗歌欣赏--中国
电子资源:
ISBN: 978-7-5692-3165-6
000 01011nam0 2200265 45
001 012001008024
005 20130121174405.0
010    @a978-7-5692-3165-6@dCNY51.00
099    @aCAL 012019009541
100    @a20181023d2018 em y0chiy50 ea
101 0  @achi
102    @aCN@b220000
105    @aa z 000yy
106    @ar
200 1  @a嘤鸣初放, 风雅弦歌@Aying ming chu fang , feng ya xian ge@f温斌, 黄晓勤主编
210    @a长春@c吉林大学出版社@d2018
215    @a271页@c图@d24cm
314    @a温斌, 包头师范学院文学院教授, 硕士生导师, 现任文学院院长。黄晓勤, 馆员, 包头师范学院文学院学生工作办公室主任。
330    @a本书主要内容包括: 鹧鸪天·窗明、夏日思乡、忆旧游、寒假返校、雨夜记梦、望月、青玉案、芳菲竞、泪叹、惜分飞·梦辞、长相思、远程、归愿等。
606 0  @a古典诗歌@Agu dian shi ge@x诗歌欣赏@y中国
690    @aI207.227.2@v5
701  0 @a温斌@Awen bin@4主编
701  0 @a黄晓勤,@Ahuang xiao qin@f1965-@4主编
801  0 @aCN@b上海新华@c20191020
905    @b1134393-6@dI207.227.2@e1195@f4
    
    嘤鸣初放, 风雅弦歌/温斌, 黄晓勤主编.-长春:吉林大学出版社,2018
    271页:图;24cm
    
    
    ISBN 978-7-5692-3165-6:CNY51.00
    本书主要内容包括: 鹧鸪天·窗明、夏日思乡、忆旧游、寒假返校、雨夜记梦、望月、青玉案、芳菲竞、泪叹、惜分飞·梦辞、长相思、远程、归愿等。
●
相关链接 在E读中查询图书 在五车中查询图书 在当当中查询图书 在豆瓣中查询图书


正题名:嘤鸣初放, 风雅弦歌     索取号:I207.227.2/1195         预约/预借

序号 登录号 条形码 馆藏地/架位号 状态 备注
1 1134393   211343937   第一样本阅览室/ [索取号:I207.227.2/1195] 在馆    
2 1134394   211343946   第二借阅区/ [索取号:I207.227.2/1195] 在馆    
3 1134395   211343955   第二借阅区/ [索取号:I207.227.2/1195] 在馆    
4 1134396   211343964   第二借阅区/ [索取号:I207.227.2/1195] 在馆    
唐山师范学院图书馆 欢迎您!
大连网信软件有限公司© 版权所有